[Event "St Petersburg Korchnoi Memorial op"]
[Site "St Petersburg"]
[Date "2023.08.21"]
[Round "5"]
[White "Afanasyeva, Ekaterina"]
[Black "Klobukov, Sergey"]
[Result "1/2-1/2"]
[WhiteElo "1193"]
[BlackElo "1536"]
[PlyCount "96"]
[EventDate "2023.08.18"]
[EventType "swiss"]
[EventRounds "9"]
[EventCountry "RUS"]
[SourceTitle "EXT 2024"]
[Source "ChessBase"]
[SourceDate "2023.10.10"]
[SourceVersion "1"]
[SourceVersionDate "2023.10.10"]
[SourceQuality "1"]

1. e4 c5 2. Nc3 Nc6 3. Nge2 e6 4. g3 g6 5. Bg2 Bg7 6. d3 Nge7 7. Be3 Nd4 8. 0-0 0-0 9. Qd2 Rb8 10. Bf4 d6 11. Nxd4 cxd4 12. Ne2 e5 13. Bg5 f6 14. Bh6 Be6 15. Bxg7 Kxg7 16. f4 Qb6 17. b3 Rbc8 18. a4 a5 19. h3 Rc7 20. g4 Qb4 21. Qxb4 axb4 22. Ra2 Rfc8 23. f5 Bf7 24. g5 Rxc2 25. Rxc2 Rxc2 26. fxg6 Kxg6 27. Rxf6+ Kg7 28. Nxd4 exd4 29. Rxd6 Rd2 30. Rxd4 Bxb3 31. Rxb4 Rxd3 32. Rxb7 Kf7 33. a5 Bc4 34. Rc7 Bb5 35. Rb7 Bc6 36. Rb6 Ra3 37. a6 Ke8 38. Rb8+ Kf7 39. Rb6 Ra4 40. Kf2 Ra2+ 41. Kg3 Ke6 42. Bf1 Ke5 43. Bc4 Ra3+ 44. Rb3 Rxb3+ 45. Bxb3 Bxe4 46. h4 Kf5 47. Bc4 Ke5 48. h5 Nf5+ 1/2-1/2

[Event "Chigorin Memorial 29th"]
[Site "St Petersburg"]
[Date "2022.10.25"]
[Round "4"]
[White "Kuznetsov, Igor M1111"]
[Black "Afanasyeva, Ekaterina"]
[Result "1-0"]
[WhiteElo "1464"]
[BlackElo "1268"]
[PlyCount "193"]
[EventDate "2022.10.22"]
[EventType "swiss"]
[EventRounds "9"]
[EventCountry "RUS"]
[SourceTitle "EXT 2024"]
[Source "ChessBase"]
[SourceDate "2023.10.10"]
[SourceVersion "1"]
[SourceVersionDate "2023.10.10"]
[SourceQuality "1"]

1. e4 c5 2. Nf3 d6 3. d4 cxd4 4. Nxd4 Nf6 5. Nc3 a6 6. h3 e6 7. g4 Be7 8. Bg2 0-0 9. Be3 Nbd7 10. 0-0 Nb6 11. b3 d5 12. g5 Nxe4 13. Nxe4 dxe4 14. Bxe4 Bxg5 15. Qh5 h6 16. f4 Bf6 17. Rad1 Nd5 18. Nf5 exf5 19. Bxd5 Qe7 20. Rfe1 Be6 21. c4 Rfd8 22. Qf3 Bxd5 23. cxd5 Qe4 24. Qxe4 fxe4 25. Bb6 Re8 26. Re2 Bd8 27. Bd4 Ba5 28. d6 Rad8 29. Bc5 Rd7 30. Rd4 f5 31. Rd5 g6 32. Kf1 Kf7 33. Kg2 Bc7 34. Kf1 b6 35. Bb4 Bb8 36. Ke1 Re6 37. Red2 Ke8 38. Ke2 Kd8 39. Re5 Rf6 40. Red5 Kc8 41. a4 a5 42. Ba3 Kb7 43. h4 Kc6 44. R5d4 Bxd6 45. Rc4+ Kb7 46. Rcd4 Kc7 47. Rc4+ Kd8 48. Rc6 Ke7 49. Rxb6 Re6 50. Bxd6+ Rexd6 51. Rdxd6 Rxd6 52. Rb5 Rd3 53. Rxa5 Rxb3 54. h5 Kf7 55. Ra7+ Kg8 56. Ra8+ Kf7 57. Ra7+ Ke8 58. hxg6 Kf8 59. Rf7+ Kg8 60. Rxf5 Kg7 61. Rb5 Ra3 62. f5 Rxa4 63. Rb7+ Kf6 64. Rf7+ Ke5 65. g7 Ra2+ 66. Kf1 Ra1+ 67. Kg2 Ra2+ 68. Kh3 Ra3+ 69. Kh4 Ra1 70. Kh5 Rg1 71. Kxh6 e3 72. Kh7 Rh1+ 73. Kg8 Ra1 74. Re7+ Kf6 75. Re6+ Kxf5 76. Rxe3 Kf6 77. Rc3 Ra2 78. Rc6+ Ke7 79. Kh7 Rh2+ 80. Rh6 Rxh6+ 81. Kxh6 Kf7 82. Kh7 Ke6 83. g8Q+ Ke5 84. Qf7 Kd4 85. Qe6 Kc5 86. Qd7 Kc4 87. Qd6 Kc3 88. Qd5 Kb4 89. Qc6 Kb3 90. Qc5 Ka4 91. Qb6 Ka3 92. Kg6 Ka4 93. Kf5 Ka3 94. Ke4 Ka4 95. Kd3 Ka3 96. Kc3 Ka4 97. Qa6# 1-0